Ηλεκτρικές εγκαταστάσεις

Αποθηκεύτηκε σε:
Λεπτομέρειες βιβλιογραφικής εγγραφής
Κύριος συγγραφέας: Δημόπουλος, Φίλιππας Ι., 1946-
Μορφή: Βιβλίο
Γλώσσα:Greek
Δημοσίευση: Αθήνα : [1978]
Θέματα:
Ετικέτες: Προσθήκη ετικέτας
Δεν υπάρχουν, Καταχωρήστε ετικέτα πρώτοι!

MARC

LEADER 00000nam a2200000 i 4500
001 1/85107
008 961030s1978 gre d
035 |l 10006185 
040 |a GR-MY-UA  |b gre  |e aacr 
041 0 |a gre 
082 0 |a 621.31924 
100 1 |a Δημόπουλος, Φίλιππας Ι.,   |d 1946- 
245 1 0 |a Ηλεκτρικές εγκαταστάσεις /  |c Φιλίππου Ι. Δημόπουλου 
260 |a Αθήνα :   |c [1978] 
300 |a 490 σ. 
504 |a Περιέχει βιβλιογραφία 
650 0 0 |a Electric wiring, Interior. 
852 |a INST  |b LESVOS  |e 19961030  |h 621.31924 ΔΗΜ  |p 005100012693  |q 005100012693  |t BK  |y 0 
909 |a Λ  |b 008817